| 000 | 01184cam a22002054a 4500 | ||
|---|---|---|---|
| 005 | 20250605164017.0 | ||
| 008 | 250528s ||||||||||||||||||||||||d | ||
| 035 | _a16192 | ||
| 020 | _a70573212 | ||
| 040 |
_aGR-AtMCL _bgre _dGR-AtMCL _eAACR2 |
||
| 245 | 1 | _aChemistry / Principles and Applications | |
| 260 |
_bMcgraw Hill Book Company, _c1974 |
||
| 300 | _a694 | ||
| 520 | _aPreface, Chemistry and Chemical Nomenclature, Stoichiometry, Periodicity in Chemical Behavior, Internal Structure of Atoms, Molecules and Molecular Structure, The Gaseous State, Liquids and Solids and Changes of State, Solutions, Solution Reactions, Chemical Thermodynamics, Electrochemistry, Chemical Kinetics, Chemical Equilibrium, Hydrogen and Oxygen and Water, Chemical Equilibrium in Aqueous Solutions, A Closer Look at Electron Descriptions, Chemistry of Some Typical Metals, Transition Elements: Some General Aspects, Transition Elements: Some Detailed Chemistry, Chemistry of Carbon, Chemistry of Some Nonmetals other Than Carbon, The Atomic Nucleus, Appendix, Index. | ||
| 700 | 1 |
_aPlane Robert A _92257 |
|
| 700 | 1 |
_aSienko Michell J _92258 |
|
| 942 | _cBK | ||
| 999 |
_c1724 _d1724 |
||